Relaxation methods in engineering science; (Record no. 543747)
[ view plain ]
| 000 -LEADER | |
|---|---|
| fixed length control field | 00572cam a22001571 4500 |
| 082 ## - DEWEY DECIMAL CLASSIFICATION NUMBER | |
| Classification number | 510.2462 |
| Author Mark | SOU |
| -- | L.2, P.47 |
| 100 1# - MAIN ENTRY--PERSONAL NAME | |
| Personal name | Southwell, Richard Vynne, |
| 9 (RLIN) | 39229 |
| 245 10 - TITLE STATEMENT | |
| Title | Relaxation methods in engineering science; |
| Remainder of title | a treatise on approximate computation, |
| Statement of responsibility, etc. | by R.V. Southwell ... |
| 260 ## - PUBLICATION, DISTRIBUTION, ETC. | |
| Place of publication, distribution, etc. | Oxford, |
| Name of publisher, distributor, etc. | The Clarendon Press, |
| Date of publication, distribution, etc. | 1940. |
| 300 ## - PHYSICAL DESCRIPTION | |
| Extent | vi p., 1 l., 252 p. |
| Other physical details | tables (part fold.) diagrs. |
| Dimensions | 24 cm. |
| 526 ## - STUDY PROGRAM INFORMATION NOTE | |
| Program name | 0 |
| Interest level | 0 |
| Reading level | 0 |
| Title point value | 510_246200000000000_SOU |
| 650 #0 - SUBJECT ADDED ENTRY--TOPICAL TERM | |
| Topical term or geographic name entry element | MCE |
| 9 (RLIN) | 379 |
| 650 #0 - SUBJECT ADDED ENTRY--TOPICAL TERM | |
| Topical term or geographic name entry element | Strains and stresses. |
| 9 (RLIN) | 28238 |
| 650 #0 - SUBJECT ADDED ENTRY--TOPICAL TERM | |
| Topical term or geographic name entry element | Vibration. |
| 9 (RLIN) | 39230 |
| 942 ## - ADDED ENTRY ELEMENTS (KOHA) | |
| Source of classification or shelving scheme | |
| Koha item type | Book |
| Withdrawn status | Lost status | Source of classification or shelving scheme | Damaged status | Not for loan | Permanent Location | Current Location | Date acquired | Total Checkouts | Full call number | Barcode | Date last seen | Price effective from | Koha item type |
|---|---|---|---|---|---|---|---|---|---|---|---|---|---|
| Military College of Engineering (MCE) | Military College of Engineering (MCE) | 04/01/2014 | 510.2462 SOU | MCE-29110 | 04/01/2014 | 04/01/2014 | Book |
